Statistics for Tropical Savanna Countries

Click here to take the quiz!

General Stats

  • This quiz has been taken 46 times
  • The average score is 15 of 21

Answer Stats

sq. kmCountry% Correct
585,000Tanzania
92%
1,055,000D.R. Congo
87%
645,000Nigeria
87%
445,000Angola
84%
265,000Ethiopia
82%
900,000India
82%
3,850,000Brazil
79%
285,000Cameroon
76%
560,000Central African Republic
76%
525,000South Sudan
76%
210,000Ghana
71%
465,000Mozambique
71%
500,000Australia
68%
220,000Madagascar
68%
190,000Rep. of the Congo
68%
400,000Venezuela
68%
235,000Mexico
66%
460,000Bolivia
63%
240,000Gabon
63%
280,000Ivory Coast
61%
350,000Thailand
55%

Score Distribution

Percentile by Number Answered

Percent of People with Each Score

Your Score History

You have not taken this quiz